000 00760nam a2200265Ia 4500
005 20260302114757.0
008 008 260114s9999 xx 000 0 eng d
020 _a9789354356681
037 _aTextbook
040 _aCRL
040 _beng
040 _cCRL
041 _2eng
041 _aeng
084 _qCRL
100 _aSomeshwar Sati, GJV Prasad and Ritwick Bhattacharjee
_91119725
245 0 _aReclaiming the Disabled Subject Representing Disability in Short Fiction (Volume 1)
260 _bBloomsbury
260 _bBloomsbury India
260 _c2022
650 _aLiterary Studies
856 _uhttps://doi.org/10.5040/9789354356681?locatt=label:secondary_bloomsburyCollections
942 _cEBOOK
999 _c1683798
_d1683798